Incollable #17 - Animaux - Statistiques

Statistiques générales
  • Ce quiz a été pris 859 fois
    403 depuis la dernière actualisation
  • Le résultat moyen est 8 sur 12
Statistiques - réponses
Niveaux Questions Réponses % Correct
CE1 Quel insecte fabrique le miel ? L’abeille
100%
CP À quel animal au grandes oreilles le lièvre ressemble-t-il ? Au lapin
99%
CE2 Je suis fabriqué par les abeilles.Je suis aussi utilisé pour faire des bougies. Que suis-je ? La cire
95%
CM1 On fait mon premier quand on voit une étoile filante.Mon second est un homme de très petite taille. Mon tout permet au serpent de se défendre. Le venin
94%
CM1 Quel animal veut être apprivoisé par le Petit Prince ? Un renard
77%
CE2 Avec quelle partie de leur corps les serpents « sentent »-ils les odeurs ? La langue (puis la bouche)
76%
Collège Qu’est ce que le crabe ? Un crustacé
76%
Collège Quel est l’autre nom du lombric ? Le ver de terre
75%
CE1 Quel oiseau tout blanc au long cou et au bec généralement orange vit dans les étangs ? Le cygne
70%
CM2 Change une lettre du mot « canard » et trouve l’autre nom du serin. Canari
34%
Lycée Que fait la crinière du sanglier quand il est en colère ? Elle se dresse
27%
Lycée Quelle épuisette sert à pêcher la crevette ? Le haveneau
2%
Aucun quiz correspondant
Distribution des résultats
% des personnes avec chaque résultat
Percentile par nombre de réponses
Votre historique - résultats
Vous n’avez pas pris ce quiz depuis la dernière actualisation